00473nam a2200193 a 4500001001300000003000900013005001700022008004100039020001000080082001600090100002100106245002000127260003900147300000800186500003500194505001300229650001600242700002100258nice12345678IN_TiNIC20260116012335.0050524s1971 saha grp 000 0 urd  ac10000a297.82bALA aAlam, Mirza Mohd aJuloos-E-Amaari aSaharanpurbAnjuman-E-Imamiac1971 a31p aincludes index and biblioraphy2 aAppendix aShiah-Nawha1 aAlam, Mirza Mohd